Datum a čas kvízu
23
Celkem bodů
Celkový počet nahraných bodů na tomto kvízu bez doplňovacích otázek.
10.
Pořadí na kvízu
Konečné umístění týmu na tomto kvízu.
Zaznamenané odpovědi
| # | Otázka | Odpověď | Body | Výsledky |
|---|---|---|---|---|
| 1. | Ministr průmyslu a obchodu Kar... | Ministerstvo hospodářství | 0 | |
| 2. | Ministr obrany Spojených států... | Pulp Fiction | 1 | |
| 3. | V neděli vyvrcholil jeden z ne... | Justin Bieber | 1 | |
| 4. | Minulý týden oznámil jistý dis... | Lidl | 0 | |
| 5. | Které české tenistce hrozí až... | Markétě Vondroušové | 1 | |
| 6. | Vítězné téma FB hlasování zahá... | Luděk Marold, bitva u Lipan | 0 | |
| 7. | Přiřaďte jednotlivá města k je... | 1B 2D 3A 4C | 1 | |
| 8. | „Co až budeme nahoře, to teprv... | Homolka a tobolka; Marie Motlová | 0.5 | |
| 9. | Panorama je služba webové strá... | na Pradědu | 0 | |
| 10. | Na závěr si dáme noční pohled... | Istanbul | 0 |